ბათუმის შოთა რუსთაველის სახელმწიფო უნივერსიტეტის ბიბლიოთეკა

Основы археологии : (ბიბ.ჩანაწერი № 60949)

000 -LEADER
fixed length control field 00747nam a22001697a 4500
005 - DATE AND TIME OF LATEST TRANSACTION
control field 20231128173252.0
008 - FIXED-LENGTH DATA ELEMENTS--GENERAL INFORMATION
fixed length control field 231128s1955 ru ||||| |||| 00| 0 rus d
041 ## - LANGUAGE CODE
Language code of text/sound track or separate title rus
080 ## - UNIVERSAL DECIMAL CLASSIFICATION NUMBER
Universal Decimal Classification number 902.01 A-88
100 ## - MAIN ENTRY--PERSONAL NAME
Personal name Арциховский, Артемий Владимирович
9 (RLIN) 20501
245 ## - TITLE STATEMENT
Title Основы археологии :
Remainder of title Учебник для исторических факультетов университетов и педагогических институтов /
Statement of responsibility, etc. А.В.Арциховский.
250 ## - EDITION STATEMENT
Edition statement Второе издание
264 ## - PRODUCTION, PUBLICATION, DISTRIBUTION, MANUFACTURE, AND COPYRIGHT NOTICE
Place of production, publication, distribution, manufacture Москва :
Name of producer, publisher, distributor, manufacturer Госполитиздат,
Date of production, publication, distribution, manufacture, or copyright notice 1955.
300 ## - PHYSICAL DESCRIPTION
Extent 279 с.
Other physical details ил. ;
Dimensions 23 см.
653 ## - INDEX TERM--UNCONTROLLED
keyword არქეოლოგია
942 ## - ADDED ENTRY ELEMENTS (KOHA)
Source of classification or shelving scheme
Koha item type წიგნი
ეგზემპლარები
Withdrawn status Lost status Source of classification or shelving scheme Damaged status Not for loan Permanent Location Current Location Shelving location Date acquired Cost, normal purchase price Full call number Barcode Date last seen Copy number Uniform Resource Identifier Price effective from Koha item type Public note
          ბათუმის შოთა რუსთაველის სახელმწიფო უნივერსიტეტის მთავარი ბიბლიოთეკა ბათუმის შოთა რუსთაველის სახელმწიფო უნივერსიტეტის მთავარი ბიბლიოთეკა წიგნსაცავი 2023-11-28 7.00 902.01 A-88 65487 2023-11-28 65487 ბსუ-ს საპატიო დოქტორის გურამ ლორთქიფანიძის საჩუქარი 2023-11-28 წიგნი 7 ლ.